[Event "48th Rilton Cup 2018"]
[Site "Stockholm"]
[Date "2019.01.03"]
[Round "7"]
[White "Gajewski, Grzegorz"]
[Black "Nabaty, Tamir"]
[Result "0-1"]
[WhiteElo "2598"]
[BlackElo "2670"]
[Annotator "TA"]
[PlyCount "72"]
[EventDate "2018.12.27"]
[EventType "swiss"]
[EventCountry "SWE"]
[SourceTitle "playchess.com"]
[Source "ChessBase"]
[SourceQuality "1"]

{[%evp 18,72,22,13,18,17,13,14,16,0,10,0,0,-27,-8,-12,-12,-16,-16,-40,-40,-40,-40,-40,-42,-51,-41,-86,-82,-212,-202,-254,-254,-473,-418,-1043,-1033,-881,-714,-1355,-1327,-1228,-1247,-931,-896,-905,-574,-1892,-997,-29968,-6491,-2805,-1150,-2131,-1758,-5315,-2749]} 1. d4 d5 2. c4 e6 3. Nc3 Nf6 4. cxd5 exd5 5. Bg5 c6 6. e3 Bd6 7. Bd3 O-O 8. Nge2 {D35: Queen's Gambit Declined: Exchange Variation} Re8 9. Qc2 h6 10. Bh4 {LiveBook: 19 Games. The position is equal.} b6 (10... Nbd7 11. g4 Nf8 12. h3 b5 13. Rg1 Ne6 14. f4 Bxf4 15. Bh7+ Kh8 16. exf4 Nxd4 17. Qd3 Nxe2 18. Nxe2 Qa5+ {0-1 (45) Mamedyarov,S (2809)-Kramnik,V (2800) Moscow 2018}) 11. a3 Bb7 12. O-O Nbd7 {[%cal Bb8d7,Bd7f8,Bf8e6,Be6g5,Bg5f3][%mdl 32]} 13. b4 $146 {[%cal Bb2b4,Bb4b5][%mdl 32]} ({Predecessor:} 13. h3 Nf8 14. b4 Ne6 15. Rab1 {1-0 (40) Grego,L (2217)-Chitescu,I (2263) ICCF email 2011}) 13... a5 14. b5 c5 $1 {[%cal Bc6c5,Bc5c4][%mdl 32]} 15. Rfd1 c4 {[#]} 16. Bh7+ $1 {[%mdl 512]} Kh8 {Hoping for ...g5.} (16... Nxh7 17. Bxd8) 17. Bf5 Nf8 18. Bxf6 Qxf6 19. g3 Ne6 20. h4 Rad8 21. Bh3 g5 22. hxg5 Nxg5 23. Bg2 (23. Qf5 $17 {was necessary.} Qg6 24. Kh1) 23... Nf3+ $19 24. Kh1 {[#]} Rxe3 $3 $40 {[%mdl 640] Black attacks with force.} 25. Ng1 $2 {[#]} (25. Bh3 {only move.} Re7 26. Qf5 Qxf5 27. Bxf5) (25. fxe3 Bxg3) 25... Bxg3 $1 {[%mdl 512]} 26. Nxf3 ({But not} 26. fxe3 Qh4+ 27. Bh3 (27. Nh3 Bc8 $19) 27... Nxg1) (26. fxg3 $142 Nxd4 27. Rxd4 {[%mdl 64] Remove Defender} Qxd4 28. Nge2) (26. fxg3 Nxd4) 26... Rxf3 27. fxg3 Rxg3 28. Rd2 Rdg8 29. Kg1 Rh3 30. Rf2 Qxd4 {( -> ...Rxg2+!)} 31. Qf5 Rxc3 32. Qh5 {[%cal Rh5h6]} Qg7 {aiming for ...Rg3.} 33. Kf1 Rg3 (33... d4 $142 34. Qh2 Rg3 35. Qxg3 Qxg3 36. Raa2 Qb3 37. Kg1 Bxg2 38. Rxg2 Qxa2 39. Rxg8+ Kxg8 40. a4 d3 41. Kh1 Qe2 42. Kg1 d2 43. Kh1 d1=Q#) 34. Raa2 {Black is clearly winning.} Rg5 35. Qh4 Bc8 36. Rae2 Bf5 {Accuracy: White = 39%, Black = 91%.} 0-1

[Event "48th Rilton Cup 2018"]
[Site "Stockholm"]
[Date "2019.01.03"]
[Round "7"]
[White "Liang, Awonder"]
[Black "Lagarde, Maxime"]
[Result "1/2-1/2"]
[WhiteElo "2589"]
[BlackElo "2616"]
[Annotator "TA"]
[PlyCount "65"]
[EventDate "2018.12.27"]
[EventType "swiss"]
[EventCountry "SWE"]
[SourceTitle "playchess.com"]
[Source "ChessBase"]
[SourceQuality "1"]

{[%evp 22,65,56,54,58,64,65,65,58,59,54,27,27,22,40,33,33,35,37,30,43,39,41,25,30,20,20,20,20,20,24,20,20,22,23,2,2,2,16,0,0,0,0,0,0,0]} 1. Nf3 c5 2. c4 g6 3. e4 Bg7 4. d4 cxd4 5. Nxd4 Nc6 6. Be3 Nf6 7. Nc3 Ng4 8. Qxg4 Nxd4 9. Qd1 e5 10. Bd3 O-O 11. O-O d6 12. Qd2 {LiveBook: 77 Games} b6 {B39: Sicilian: Maroczy Bind with 5...Bg7 and 7...Ng4} (12... Be6 13. b3 a6 14. Rad1 Qd7 15. Kh1 b5 16. Nd5 Bxd5 17. cxd5 f5 18. Bxd4 fxe4 19. Bxe5 Bxe5 20. Bxe4 Qg4 {½-½ (50) Bruzon Batista,L (2673)-Edouard,R (2612) Saint Louis 2018}) 13. Rad1 Bb7 14. Bb1 Rc8 $146 {White is slightly better.} ({Predecessor:} 14... a6 15. Ne2 Nxe2+ 16. Qxe2 Qc7 17. Rd2 Rad8 18. Rfd1 f5 19. f3 fxe4 20. Bxe4 Bxe4 21. fxe4 {½-½ (35) Kipper,J (2359)-Gulbas,C (2444) Germany 2004}) 15. b3 Qd7 16. Bxd4 exd4 17. Ne2 b5 18. cxb5 Qxb5 19. Nxd4 Qb6 20. Nf3 d5 21. e5 d4 22. Qxd4 {Be4 is the strong threat.} Bxf3 23. gxf3 {Black should prevent Qxb6.} Qxd4 24. Rxd4 Bxe5 25. Rd7 Bc7 26. Be4 {[#] Hoping for Bb7.} Rfd8 27. Rfd1 Bb6 28. R7d2 Rxd2 {The position is equal.} 29. Rxd2 Rd8 30. Rc2 f5 31. Bb7 Kg7 32. Kg2 Ba5 33. Ba6 {Accuracy: White = 58%, Black = 83%.} 1/2-1/2

[Event "48th Rilton Cup 2018"]
[Site "Stockholm"]
[Date "2019.01.03"]
[Round "7"]
[White "Volkov, Sergey"]
[Black "Schekachikhin, Maksim"]
[Result "1-0"]
[WhiteElo "2583"]
[BlackElo "2368"]
[Annotator "ChessBase"]
[PlyCount "61"]
[EventDate "2018.12.27"]
[EventType "swiss"]
[EventCountry "SWE"]
[SourceTitle "playchess.com"]
[Source "ChessBase"]
[SourceQuality "1"]
[TimeControl "40/5400+30:1800+30"]

1. d4 {[%emt 0:00:00]} d5 {[%emt 0:00:00]} 2. c4 {[%emt 0:00:00]} c6 {[%emt 0:00:00]} 3. Nf3 {[%emt 0:00:00]} Nf6 {[%emt 0:00:11]} 4. e3 {[%emt 0:00:02]} Bf5 {[%emt 0:00:34]} 5. Nc3 {[%emt 0:00:12]} e6 {[%emt 0:00:09]} 6. Nh4 {[%emt 0:00:12]} Be4 {[%emt 0:00:09]} 7. f3 {[%emt 0:00:14]} Bg6 {[%emt 0:00:09]} 8. Qb3 {[%emt 0:00:24]} Qc7 {[%emt 0:00:24]} 9. Bd2 {[%emt 0:00:17]} Be7 {[%emt 0:00:28]} 10. g3 {[%emt 0:00:22]} Bh5 {[%emt 0:01:13]} 11. O-O-O {[%emt 0:00:11]} a5 {[%emt 0:04:35]} 12. g4 {[%emt 0:00:16]} a4 {[%emt 0:07:10]} 13. Qc2 {[%emt 0:03:00]} Nxg4 {[%emt 0:01:52]} 14. fxg4 {[%emt 0:00:09]} Bxg4 {[%emt 0:00:03]} 15. Be1 {[%emt 0:00:11]} Qd8 {[%emt 0:01:55]} 16. Qf2 {[%emt 0:00:05]} Bxd1 {[%emt 0:04:20]} 17. Kxd1 {[%emt 0:00:12]} dxc4 {[%emt 0:11:38]} 18. Bxc4 {[%emt 0:01:06]} Nd7 {[%emt 0:01:48]} 19. Rg1 {[%emt 0:02:43]} Ne5 {[%emt 0:10:56]} 20. Be2 {[%emt 0:05:50]} Ng6 {[%emt 0:01:39]} 21. Nf3 {[%emt 0:09:21]} b5 {[%emt 0:05:17]} 22. h4 {[%emt 0:15:30]} b4 {[%emt 0:06:20]} 23. h5 {[%emt 0:03:07]} bxc3 {[%emt 0:08:15]} 24. hxg6 {[%emt 0:00:17]} fxg6 {[%emt 0:13:20]} 25. Bxc3 {[%emt 0:06:06]} O-O {[%emt 0:04:23]} 26. Bc4 {[%emt 0:02:41]} Kh8 {[%emt 0:03:50]} 27. Qg2 {[%emt 0:06:18]} Bf6 {[%emt 0:03:29]} 28. Rh1 {[%emt 0:05:38]} Qe8 {[%emt 0:01:58]} 29. Bb4 {[%emt 0:02:49]} c5 {[%emt 0:03:43]} 30. Bxc5 {[%emt 0:00:17]} Qc6 {[%emt 0:00:46]} 31. Ng5 {[%emt 0:04:15]} 1-0

[Event "48th Rilton Cup 2018"]
[Site "Stockholm"]
[Date "2019.01.03"]
[Round "7"]
[White "Gopal G.N."]
[Black "Donchenko, Alexander"]
[Result "1/2-1/2"]
[WhiteElo "2582"]
[BlackElo "2604"]
[Annotator "TA"]
[PlyCount "88"]
[EventDate "2018.12.27"]
[EventType "swiss"]
[EventCountry "SWE"]
[SourceTitle "playchess.com"]
[Source "ChessBase"]
[SourceQuality "1"]

{[%evp 19,88,27,32,20,24,25,30,18,19,8,62,71,60,18,53,48,47,47,38,38,19,44,89,95,126,125,153,145,153,127,127,120,120,60,47,45,114,0,72,62,49,0,0,0,0,0,0,0,0,0,0,0,18,51,76,0,0,0,0,0,0,0,0,0,0,0,0,0,0,0,0]} 1. e4 c6 2. d4 d5 3. e5 Bf5 4. Nf3 e6 5. Be2 Ne7 6. O-O Nd7 7. Nbd2 h6 {B12: Caro-Kann: Advance Variation} 8. Nb3 g5 9. a4 (9. Ne1 Qc7 10. f4 c5 11. Nxc5 Nxc5 12. dxc5 Qxc5+ 13. Kh1 d4 14. Nd3 Qc7 15. fxg5 {0-1 (32) Shirov,A (2636)-Nakamura,H (2763) Douglas 2018}) 9... Bg7 10. a5 Qc7 {LiveBook: 12 Games} 11. c3 a6 12. Be3 Bg6 13. Ne1 c5 $1 14. Bh5 Nf5 $146 (14... O-O-O $11) ({Predecessor:} 14... O-O-O 15. Nxc5 Nxc5 16. dxc5 Bxe5 17. Bxg6 Nxg6 {½-½ (30) Hauenstein,H (2384)-Marquez Abreu,C (2405) ICCF email 2016}) 15. Bxg6 $14 fxg6 16. Nf3 O-O 17. h3 Rac8 18. Nxc5 Nxc5 19. dxc5 Nxe3 20. fxe3 Bxe5 21. Qd3 Bg7 {[#]} 22. Nd4 $1 {And now Rxf8+ would win.} ({But not} 22. Qxg6 $6 Rf6 $11) 22... Bxd4 23. exd4 Kg7 24. b4 Rf5 25. Rae1 Re8 26. c4 ({White should play} 26. Rf3 $16) 26... Qd7 27. Rxf5 gxf5 {[%mdl 4096] Endgame [#] KQR-KQR} (27... dxc4 $1 $14 28. Rf7+ (28. Qxc4 gxf5 29. Rb1 Qc6 $11) 28... Kxf7 29. Qxc4 Rd8) 28. Re5 (28. cxd5 $1 $16 {Threatens to win with d6.} exd5 29. Rxe8 Qxe8 30. Qxf5) 28... Kf6 (28... dxc4 $11 29. Qxc4 Kf6) 29. Qc3 Kf7 30. Kf2 dxc4 31. Qxc4 Rd8 32. Ke3 Kf6 33. Kd3 Qc6 34. Kc3 Rd7 35. Qe2 Rd8 36. h4 Qd7 37. d5 ({White should try} 37. Qe3 $16) 37... exd5 $11 {The position is equal.} 38. Kd4 {Black must now prevent hxg5+.} Qa4 $1 {[%cal Ra4b4]} 39. hxg5+ hxg5 40. Re6+ Kf7 $1 41. Ke5 Qa1+ $1 42. Kxf5 {Qh5+ would kill now.} Qb1+ {[%mdl 64] Double Attack} 43. Ke5 {Threatening mate with Qh5+.} Qa1+ ({Not} 43... Kg8 $2 44. Qg4 $18) 44. Kf5 {Intending Qh5+ and mate.} Qb1+ {[%mdl 64] Double Attack. Accuracy: White = 54%, Black = 61%.} 1/2-1/2

[Event "48th Rilton Cup 2018"]
[Site "Stockholm"]
[Date "2019.01.03"]
[Round "7"]
[White "Kulaots, Kaido"]
[Black "Murzin, Volodar"]
[Result "1/2-1/2"]
[WhiteElo "2555"]
[BlackElo "2336"]
[Annotator "ChessBase"]
[PlyCount "111"]
[EventDate "2018.12.27"]
[EventType "swiss"]
[EventCountry "SWE"]
[SourceTitle "playchess.com"]
[Source "ChessBase"]
[SourceQuality "1"]
[TimeControl "40/5400+30:1800+30"]

1. e4 {[%emt 0:01:39]} c6 {[%emt 0:00:00]} 2. d4 {[%emt 0:02:39]} d5 {[%emt 0:00:00]} 3. exd5 {[%emt 0:00:36]} cxd5 {[%emt 0:00:00]} 4. Bd3 {[%emt 0:00:13]} Nc6 {[%emt 0:00:00]} 5. c3 {[%emt 0:00:06]} g6 {[%emt 0:00:21]} 6. Nf3 {[%emt 0:04:30]} Bg7 {[%emt 0:00:30]} 7. O-O {[%emt 0:01:07]} Bf5 {[%emt 0:02:25]} 8. Bxf5 {[%emt 0:04:14]} gxf5 {[%emt 0:00:03]} 9. Re1 {[%emt 0:00:25]} e6 {[%emt 0:03:04]} 10. Bg5 {[%emt 0:05:18]} Nge7 {[%emt 0:04:00]} 11. Nbd2 {[%emt 0:02:46]} Qc7 {[%emt 0:04:00]} 12. Nb3 {[%emt 0:02:57]} Ng6 {[%emt 0:01:59]} 13. Nc5 {[%emt 0:02:39]} O-O {[%emt 0:01:51]} 14. Qd2 {[%emt 0:18:37]} b6 {[%emt 0:02:01]} 15. Nd3 {[%emt 0:00:46]} f6 {[%emt 0:02:44]} 16. Bf4 {[%emt 0:11:51]} Qf7 {[%emt 0:01:47]} 17. Re2 {[%emt 0:02:14]} Rfe8 {[%emt 0:03:21]} 18. Rae1 {[%emt 0:00:28]} Rad8 {[%emt 0:04:18]} 19. Bg3 {[%emt 0:02:06]} Na5 {[%emt 0:07:51]} 20. b3 {[%emt 0:01:11]} Nb7 {[%emt 0:04:31]} 21. Nh4 {[%emt 0:04:39]} Re7 {[%emt 0:10:15]} 22. f3 {[%emt 0:04:23]} Rde8 {[%emt 0:04:04]} 23. Nb4 {[%emt 0:02:14]} Nd8 {[%emt 0:01:26]} 24. c4 {[%emt 0:03:34]} Nxh4 {[%emt 0:03:58]} 25. Bxh4 {[%emt 0:00:07]} dxc4 {[%emt 0:00:07]} 26. bxc4 {[%emt 0:00:29]} Rd7 {[%emt 0:02:31]} 27. Qb2 {[%emt 0:04:32]} Nb7 {[%emt 0:03:29]} 28. Nc6 {[%emt 0:04:45]} Nd8 {[%emt 0:10:56]} 29. d5 {[%emt 0:02:14]} Nxc6 {[%emt 0:02:36]} 30. dxe6 {[%emt 0:06:51]} Rxe6 {[%emt 0:00:07]} 31. Rxe6 {[%emt 0:00:05]} Ne5 {[%emt 0:00:03]} 32. R6xe5 {[%emt 0:04:34]} fxe5 {[%emt 0:00:07]} 33. Qb5 {[%emt 0:00:33]} h6 {[%emt 0:03:49]} 34. Bg3 {[%emt 0:00:28]} e4 {[%emt 0:01:09]} 35. fxe4 {[%emt 0:01:04]} fxe4 {[%emt 0:00:01]} 36. h3 {[%emt 0:00:30]} Rd3 {[%emt 0:02:51]} 37. Kh2 {[%emt 0:00:30]} Qg6 {[%emt 0:00:49]} 38. Bf4 {[%emt 0:00:13]} Rd4 {[%emt 0:02:13]} 39. Re3 {[%emt 0:00:36]} Qf7 {[%emt 0:01:02]} 40. Bb8 {[%emt 0:00:43]} Rxc4 {[%emt 0:06:19]} 41. Rg3 {[%emt 0:13:12]} Rc5 {[%emt 0:12:57]} 42. Qa4 {[%emt 0:03:49]} Rg5 {[%emt 0:01:01]} 43. Qxe4 {[%emt 0:05:13]} Rxg3 {[%emt 0:00:42]} 44. Kxg3 {[%emt 0:00:57]} Qxa2 {[%emt 0:00:43]} 45. Qe8+ {[%emt 0:00:34]} Kh7 {[%emt 0:00:07]} 46. Qe4+ {[%emt 0:00:27]} Kh8 {[%emt 0:01:09]} 47. Qe8+ {[%emt 0:00:27]} Kh7 {[%emt 0:00:47]} 48. Qe4+ {[%emt 0:00:28]} Kh8 {[%emt 0:00:37]} 49. Qe8+ {[%emt 0:00:16]} Qg8 {[%emt 0:02:21]} 50. Qxg8+ {[%emt 0:00:07]} Kxg8 {[%emt 0:00:05]} 51. Bxa7 {[%emt 0:00:05]} b5 {[%emt 0:00:03]} 52. Bc5 {[%emt 0:00:13]} Bf8 {[%emt 0:01:23]} 53. Bxf8 {[%emt 0:00:49]} Kxf8 {[%emt 0:00:01]} 54. Kf4 {[%emt 0:00:10]} Kf7 {[%emt 0:00:13]} 55. g4 {[%emt 0:00:18]} h5 {[%emt 0:01:24]} 56. gxh5 {[%emt 0:00:32]} 1/2-1/2

[Event "48th Rilton Cup 2018"]
[Site "Stockholm"]
[Date "2019.01.03"]
[Round "7"]
[White "Heberla, Bartlomiej"]
[Black "Valsecchi, Alessio"]
[Result "0-1"]
[WhiteElo "2550"]
[BlackElo "2497"]
[Annotator "RC"]
[PlyCount "139"]
[EventDate "2018.12.27"]
[EventType "swiss"]
[EventCountry "SWE"]
[SourceTitle "playchess.com"]
[Source "ChessBase"]
[SourceQuality "1"]
[TimeControl "40/5400+30:1800+30"]

1. c4 {[%emt 0:09:01]} c5 {[%emt 0:00:00]} 2. Nf3 {[%emt 0:00:39]} Nf6 {[%emt 0:00:00]} 3. Nc3 {[%emt 0:00:18]} d5 {[%emt 0:00:08]} 4. cxd5 {[%emt 0:01:30]} Nxd5 {[%emt 0:00:06]} 5. e3 {[%emt 0:10:13]} Nc6 {[%emt 0:01:37]} 6. Bb5 {[%emt 0:05:02]} Nxc3 {[%emt 0:01:02]} 7. bxc3 {[%emt 0:00:14]} Qc7 {[%emt 0:00:29]} 8. O-O {[%emt 0:04:00]} a6 {[%emt 0:01:10]} 9. Be2 {[%emt 0:00:37]} e6 {[%emt 0:04:21]} 10. d4 {[%emt 0:00:42]} Be7 {[%emt 0:01:10]} 11. e4 {[%emt 0:08:51]} O-O {[%emt 0:00:53]} 12. Be3 {[%emt 0:00:12]} Rd8 {[%emt 0:08:56]} 13. Qc1 {[%emt 0:18:25]} b5 {[%emt 0:03:33]} 14. a4 {[%emt 0:03:47]} Na5 {[%emt 0:05:00]} 15. Bf4 {[%emt 0:17:35]} Qb6 {[%emt 0:04:04]} 16. Rb1 {[%emt 0:00:33]} Bb7 {[%emt 0:02:44]} 17. Qe3 {[%emt 0:02:41]} cxd4 {[%emt 0:03:43]} 18. Nxd4 {[%emt 0:03:43]} Qc5 {[%emt 0:04:39]} 19. Nb3 {[%emt 0:05:34]} Qxe3 {[%emt 0:09:35]} 20. Bxe3 {[%emt 0:00:02]} Nc4 {[%emt 0:01:09]} 21. Bxc4 {[%emt 0:02:08]} bxc4 {[%emt 0:00:03]} 22. Nd2 {[%emt 0:00:24]} Bc6 {[%emt 0:00:06]} 23. a5 {[%emt 0:00:59]} Bb5 24. Nf3 {[%emt 0:00:01]} Bc6 {[%emt 0:11:17]} 25. e5 {[%emt 0:00:28]} Be4 {[%emt 0:04:13]} 26. Rb6 {[%emt 0:01:36]} Rd5 {[%emt 0:00:36]} 27. Ra1 {[%emt 0:02:49]} Bd8 {[%emt 0:01:54]} 28. Rd6 {[%emt 0:01:20]} Rxa5 {[%emt 0:00:49]} 29. Rad1 {[%emt 0:00:01]} Rd5 {[%emt 0:01:55]} 30. Ra1 {[%emt 0:00:35]} a5 {[%emt 0:01:08]} 31. Nd4 {[%emt 0:00:29]} Be7 {[%emt 0:03:06]} 32. Rb6 {[%emt 0:00:54]} a4 {[%emt 0:01:06]} 33. f3 {[%emt 0:00:23]} Bd3 {[%emt 0:01:01]} 34. Nc6 {[%emt 0:00:02]} Bf8 {[%emt 0:01:05]} 35. Bd4 {[%emt 0:00:34]} h6 {[%emt 0:04:10]} 36. Nb4 {[%emt 0:00:13]} Bxb4 {[%emt 0:01:43]} 37. Rxb4 {[%emt 0:00:02]} a3 {[%emt 0:00:09]} 38. Ra2 {[%emt 0:00:51]} Bc2 {[%emt 0:05:30]} 39. Kf2 {[%emt 0:00:25]} Bb3 40. Ra1 f6 {[%emt 0:09:53]} 41. f4 {[%emt 0:02:00]} fxe5 {[%emt 0:01:38]} 42. fxe5 {[%emt 0:00:02]} a2 {[%emt 0:04:17]} 43. Rb6 {[%emt 0:08:32]} Bc2 {[%emt 0:03:52]} 44. Ke3 {[%emt 0:00:40]} Rda5 {[%emt 0:02:41]} 45. Rb4 {[%emt 0:08:05]} Bd3 {[%emt 0:01:14]} 46. g3 {[%emt 0:03:41]} Ra3 {[%emt 0:02:48]} 47. Rb2 {[%emt 0:00:07]} Kh7 {[%emt 0:01:35]} 48. Bc5 {[%emt 0:04:44]} R3a5 {[%emt 0:09:09]} 49. Bd4 {[%emt 0:00:01]} Kg6 {[%emt 0:02:22]} 50. Rf2 {[%emt 0:00:02]} Ra3 {[%emt 0:01:16]} 51. Rb2 {[%emt 0:00:32]} R8a5 {[%emt 0:00:43]} 52. Rf2 {[%emt 0:00:33]} Bb1 {[%emt 0:00:31]} 53. Rb2 {[%emt 0:00:34]} Rb3 {[%emt 0:00:26]} 54. Rf2 {[%emt 0:00:04]} Raa3 {[%emt 0:02:29]} 55. Kf4 {[%emt 0:02:36]} Rb5 {[%emt 0:02:00]} 56. Ke3 {[%emt 0:00:19]} Rb7 {[%emt 0:00:31]} 57. Rd2 {[%emt 0:03:00]} h5 {[%emt 0:01:34]} 58. Rg2 {[%emt 0:00:41]} Ra8 {[%emt 0:01:29]} 59. Rd2 {[%emt 0:01:22]} Rf7 {[%emt 0:00:11]} 60. Rd1 {[%emt 0:00:31]} Rb8 {[%emt 0:02:21]} 61. Rd2 {[%emt 0:00:33]} Rbf8 {[%emt 0:00:56]} 62. Rdxa2 {[%emt 0:00:33]} Rf3+ {[%emt 0:01:23]} 63. Ke2 {[%emt 0:00:02]} Bxa2 {[%emt 0:00:49]} 64. Rxa2 {[%emt 0:00:01]} h4 {[%emt 0:00:14]} 65. Ra6 {[%emt 0:01:13]} hxg3 {[%emt 0:00:08]} 66. hxg3 {[%emt 0:00:17]} Rxg3 {[%emt 0:00:16]} 67. Rxe6+ {[%emt 0:00:02]} Kf5 {[%emt 0:00:11]} 68. Ra6 {[%emt 0:04:45]} Ke4 {[%emt 0:00:12]} 69. e6 {[%emt 0:00:06]} Rg2+ {[%emt 0:00:11]} 70. Ke1 {[%emt 0:00:03] Ke5} 0-1

[Event "48th Rilton Cup 2018"]
[Site "Stockholm"]
[Date "2019.01.03"]
[Round "7"]
[White "Hillarp Persson, Tiger"]
[Black "Gholami, Aryan"]
[Result "1-0"]
[WhiteElo "2546"]
[BlackElo "2488"]
[Annotator "ChessBase"]
[PlyCount "105"]
[EventDate "2018.12.27"]
[EventType "swiss"]
[EventCountry "SWE"]
[SourceTitle "playchess.com"]
[Source "ChessBase"]
[SourceQuality "1"]
[TimeControl "40/5400+30:1800+30"]

1. c4 {[%emt 0:00:21]} e5 {[%emt 0:00:04]} 2. e3 {[%emt 0:00:20]} Nf6 {[%emt 0:00:37]} 3. Nc3 {[%emt 0:00:07]} Bb4 {[%emt 0:01:00]} 4. Nge2 {[%emt 0:00:32]} c6 {[%emt 0:02:36]} 5. a3 {[%emt 0:04:40]} Ba5 {[%emt 0:00:09]} 6. b4 {[%emt 0:05:36]} Bc7 {[%emt 0:06:11]} 7. Bb2 {[%emt 0:10:25]} O-O {[%emt 0:07:43]} 8. Ng3 {[%emt 0:02:50]} Re8 {[%emt 0:00:49]} 9. c5 {[%emt 0:00:07]} d5 {[%emt 0:00:43]} 10. cxd6 {[%emt 0:05:39]} Qxd6 {[%emt 0:06:06]} 11. Qc2 {[%emt 0:25:25]} Nbd7 {[%emt 0:11:02]} 12. Rc1 {[%emt 0:11:22]} Qe7 13. Be2 e4 {[%emt 0:06:12]} 14. O-O {[%emt 0:07:58]} h5 {[%emt 0:02:39]} 15. f4 {[%emt 0:01:21]} exf3 {[%emt 0:00:42]} 16. gxf3 {[%emt 0:01:16]} Ne5 {[%emt 0:03:47]} 17. Kh1 {[%emt 0:07:38]} Qe6 {[%emt 0:14:36]} 18. Nce4 Nxe4 {[%emt 0:06:47]} 19. Qxe4 {[%emt 0:05:39]} Qh3 {[%emt 0:09:26]} 20. Rg1 {[%emt 0:05:52]} h4 {[%emt 0:00:44]} 21. Nh5 {[%emt 0:00:16]} Bg4 {[%emt 0:11:54]} 22. Nf4 {[%emt 0:00:39]} Bxf3+ {[%emt 0:01:50]} 23. Qxf3 {[%emt 0:01:18]} Qxf3+ {[%emt 0:00:07]} 24. Bxf3 {[%emt 0:00:06]} Nxf3 {[%emt 0:00:04]} 25. Rxg7+ {[%emt 0:00:09]} Kf8 {[%emt 0:00:07]} 26. Rf1 {[%emt 0:01:36]} Be5 {[%emt 0:00:48]} 27. Bxe5 {[%emt 0:00:35]} Nxe5 {[%emt 0:00:09]} 28. Nh5 {[%emt 0:00:22]} Re6 {[%emt 0:01:50]} 29. d4 {[%emt 0:00:35]} Rg6 {[%emt 0:00:03]} 30. Rfxf7+ {[%emt 0:01:27]} Nxf7 {[%emt 0:00:06]} 31. Rxg6 {[%emt 0:00:10]} Re8 {[%emt 0:00:03]} 32. Nf6 {[%emt 0:00:37]} Rxe3 {[%emt 0:00:12]} 33. Rg8+ {[%emt 0:00:06]} Ke7 {[%emt 0:00:09]} 34. Re8+ {[%emt 0:00:05]} Kxf6 {[%emt 0:00:03]} 35. Rxe3 {[%emt 0:00:07]} Nd6 {[%emt 0:00:32]} 36. Kg2 {[%emt 0:00:30]} Kf5 {[%emt 0:00:00]} 37. Kf3 Nc4 {[%emt 0:00:04]} 38. Re7 {[%emt 0:01:34]} Nxa3 {[%emt 0:00:04]} 39. Rxb7 {[%emt 0:00:12]} Nc2 40. Rf7+ Kg5 {[%emt 0:00:52]} 41. Rxa7 {[%emt 0:32:06]} Nxd4+ {[%emt 0:30:06]} 42. Ke4 {[%emt 0:00:17]} Nc2 {[%emt 0:00:08]} 43. Rg7+ {[%emt 0:00:00]} Kh5 {[%emt 0:00:00]} 44. h3 {[%emt 0:00:00]} Nxb4 {[%emt 0:00:00]} 45. Kf5 {[%emt 0:00:00]} Kh6 {[%emt 0:00:00]} 46. Rc7 {[%emt 0:00:00]} Nd5 {[%emt 0:00:00]} 47. Rxc6+ {[%emt 0:00:00]} Kg7 {[%emt 0:00:00]} 48. Kg5 {[%emt 0:00:00]} Ne7 {[%emt 0:00:00]} 49. Ra6 {[%emt 0:00:00]} Kf7 {[%emt 0:00:00]} 50. Kxh4 {[%emt 0:00:00]} Ng6+ {[%emt 0:00:00]} 51. Kg5 {[%emt 0:00:00]} Nf8 {[%emt 0:00:00]} 52. h4 {[%emt 0:00:00]} Ne6+ {[%emt 0:00:00]} 53. Rxe6 {[%emt 0:00:00]} 1-0

[Event "48th Rilton Cup 2018"]
[Site "Stockholm"]
[Date "2019.01.03"]
[Round "7"]
[White "Urkedal, Frode Olav Olsen"]
[Black "Moroni, Luca Jr"]
[Result "1/2-1/2"]
[WhiteElo "2537"]
[BlackElo "2564"]
[Annotator "ChessBase"]
[PlyCount "87"]
[EventDate "2018.12.27"]
[EventType "swiss"]
[EventCountry "SWE"]
[SourceTitle "playchess.com"]
[Source "ChessBase"]
[SourceQuality "1"]
[TimeControl "40/5400+30:1800+30"]

1. d4 {[%emt 0:00:00]} d5 {[%emt 0:00:00]} 2. c4 {[%emt 0:00:00]} e6 {[%emt 0:00:00]} 3. Nc3 {[%emt 0:00:00]} Be7 {[%emt 0:00:00]} 4. Nf3 {[%emt 0:00:23]} Nf6 {[%emt 0:00:00]} 5. Bf4 {[%emt 0:00:07]} O-O {[%emt 0:00:34]} 6. e3 {[%emt 0:00:04]} Nbd7 {[%emt 0:00:03]} 7. c5 {[%emt 0:00:38]} b6 {[%emt 0:00:04]} 8. c6 {[%emt 0:01:41]} Nb8 {[%emt 0:01:51]} 9. Qa4 {[%emt 0:03:48]} Nh5 {[%emt 0:02:42]} 10. Be5 {[%emt 0:12:20]} f6 {[%emt 0:08:39]} 11. Bg3 {[%emt 0:06:50]} Nxg3 {[%emt 0:03:20]} 12. hxg3 {[%emt 0:00:59]} Qd6 {[%emt 0:01:47]} 13. Bd3 {[%emt 0:04:35]} f5 {[%emt 0:06:24]} 14. Ne5 {[%emt 0:03:39]} Bf6 {[%emt 0:05:31]} 15. Rc1 {[%emt 0:01:54]} a5 {[%emt 0:04:55]} 16. a3 {[%emt 0:10:08]} Bxe5 {[%emt 0:08:42]} 17. Nb5 {[%emt 0:00:16]} Qe7 {[%emt 0:00:05]} 18. dxe5 {[%emt 0:00:05]} Ba6 {[%emt 0:07:48]} 19. g4 {[%emt 0:16:43]} Bxb5 {[%emt 0:05:01]} 20. Qxb5 {[%emt 0:02:34]} Na6 {[%emt 0:06:46]} 21. gxf5 {[%emt 0:00:58]} Nc5 {[%emt 0:00:47]} 22. fxe6 {[%emt 0:05:04]} g6 {[%emt 0:03:29]} 23. O-O {[%emt 0:04:52]} Rad8 {[%emt 0:02:54]} 24. Bb1 {[%emt 0:01:05]} d4 {[%emt 0:05:01]} 25. exd4 {[%emt 0:06:03]} Rxd4 {[%emt 0:00:07]} 26. Rc4 {[%emt 0:03:10]} Rd2 {[%emt 0:04:00]} 27. Rc2 {[%emt 0:04:42]} Rd4 {[%emt 0:00:24]} 28. Ba2 {[%emt 0:00:30]} Kh8 {[%emt 0:01:15]} 29. Qe2 {[%emt 0:07:37]} Rfd8 {[%emt 0:01:28]} 30. f4 {[%emt 0:01:57]} Nxe6 {[%emt 0:02:57]} 31. f5 {[%emt 0:00:02]} gxf5 {[%emt 0:01:18]} 32. Rxf5 {[%emt 0:00:24]} Nf4 {[%emt 0:03:46]} 33. Qg4 {[%emt 0:00:02]} Ng6 {[%emt 0:03:07]} 34. Qg3 {[%emt 0:02:06]} Rd1+ {[%emt 0:07:00]} 35. Kh2 {[%emt 0:00:18]} Ra1 {[%emt 0:01:32]} 36. Bf7 {[%emt 0:01:01]} Rd4 {[%emt 0:01:33]} 37. Rc4 {[%emt 0:00:38]} Rxc4 {[%emt 0:00:37]} 38. Bxc4 {[%emt 0:00:02]} Qc5 {[%emt 0:00:03]} 39. Qc3 {[%emt 0:01:07]} Qg1+ {[%emt 0:01:03]} 40. Kg3 {[%emt 0:00:37]} Rc1 {[%emt 0:02:13]} 41. Qd2 {[%emt 0:04:37]} Rxc4 {[%emt 0:05:48]} 42. Qd8+ {[%emt 0:00:19]} Kg7 {[%emt 0:00:05]} 43. Qf6+ {[%emt 0:00:31]} Kh6 {[%emt 0:00:12]} 44. Qg5+ {[%emt 0:00:18]} 1/2-1/2